Návrh objektov na cestách

Salvato in:
Dettagli Bibliografici
Autore principale: Svrček, Roman (Autore)
Altri autori: Bačová, Katarína (Relatore della tesi)
Natura: Manoscritto Libro
Lingua:slovacco
Pubblicazione: 2015
Soggetti:
Accesso online:http://is.stuba.sk/zp/portal_zp.pl?podrobnosti=116394
https://opac.crzp.sk/?fn=detailBiblioForm&sid=FF44C990A7CA883E4C8751929FD7
Tags: Aggiungi Tag
Nessun Tag, puoi essere il primo ad aggiungerne!!

MARC

LEADER 00000ntm a22000003a 4500
001 stuzp51865
003 SK-STU
005 20230718105200.1
007 ta
008 150427s2015----xo-----f-mn---000-0-slo-d
040 |a STU  |b slo 
041 0 |a slo 
100 1 |a Svrček, Roman  |u 010120  |4 aut  |U SvF Stavebná fakulta  |T SvF Katedra dopravných stavieb  |X 59076  |U V120  |Y 12  |7 59076 
242 0 1 |a Design objects on the road.  |y eng 
245 1 0 |a Návrh objektov na cestách 
260 |c 2015 
650 4 |a odvodnenie  |2 slo 
650 4 |a priepust  |2 slo 
650 4 |a priekopa  |2 slo 
650 4 |a drain  |2 eng 
650 4 |a culvert  |2 eng 
650 4 |a channel  |2 eng 
700 1 |a Bačová, Katarína  |4 ths  |X 1010  |7 A000001010 
856 4 |u http://is.stuba.sk/zp/portal_zp.pl?podrobnosti=116394 
856 4 |u https://opac.crzp.sk/?fn=detailBiblioForm&sid=FF44C990A7CA883E4C8751929FD7 
SQL |a stuzp51865  |b DBP  |c SLO  |d Návrh objektov na cestách  |e 59076  |f Svrček, Roman  |g 010120  |h 1010  |i Bačová, Katarína  |j 20150623  |k 1  |l 01  |m http://is.stuba.sk/zp/portal_zp.pl?podrobnosti=116394  |n B-IKD  |o 5.1.5. inžinierske konštrukcie a dopravné stavby